Stubbed out (Record no. 80885)

MARC details
000 -LEADER
fixed length control field 01053cab a22002055a 4500
001 - CONTROL NUMBER
control field L145575
008 - FIXED-LENGTH DATA ELEMENTS--GENERAL INFORMATION
fixed length control field 081023e20081003xxk f v 000 0 eng d
035 ## - SYSTEM CONTROL NUMBER
System control number (Sirsi) u145575
041 0# - LANGUAGE CODE
Language code of text/sound track or separate title eng
100 1# - MAIN ENTRY--PERSONAL NAME
Personal name Ross, Jonathan
245 00 - TITLE STATEMENT
Title Stubbed out
260 ## - PUBLICATION, DISTRIBUTION, ETC.
Date of publication, distribution, etc. 2008
490 #0 - SERIES STATEMENT
Series statement Property Week
Volume/sequential designation 73(40) 3 October 2008, 73(1)
520 ## - SUMMARY, ETC.
Summary, etc. Summarises the case of Fosse Motor Engineers Ltd & Ors v Conde Nast and National Magazine Distributors Ltd & Anor [2008] EWHC 2037 (TCC), 20 August 2008 (see L145574). Clear evidence is needed to establish that a party is the probable, rather than possible, cause of a fire. It had been for a warehouse owner to prove on the balance of probabilities that a fire which destroyed its property had been caused by the negligence of a tenant's workers, which it had failed to do.
590 ## - LOCAL NOTE (RLIN)
Local note KA
650 24 - SUBJECT ADDED ENTRY--TOPICAL TERM
Topical term or geographic name entry element FOSSE MOTOR ENGINEERS LTD & ORS V CONDE NAST AND NATIONAL MAGAZINE DISTRIBUTORS LTD & ANOR
651 #4 - SUBJECT ADDED ENTRY--GEOGRAPHIC NAME
Geographic name England and Wales
Chronological subdivision 1543-
690 ## - LOCAL SUBJECT ADDED ENTRY--TOPICAL TERM (OCLC, RLIN)
Topical term or geographic name as entry element MANAGEMENT-HEALTH AND SAFETY-FIRE SAFETY
942 ## - ADDED ENTRY ELEMENTS (KOHA)
Suppress in OPAC 0
Holdings
Withdrawn status Lost status Source of classification or shelving scheme Damaged status Not for loan Home library Current library Shelving location Date acquired Total Checkouts Full call number Barcode Date last seen Copy number Price effective from Koha item type
    Dewey Decimal Classification     London London Journal article 23/10/2008   L145575 145575-1001 06/08/2019 1 06/08/2019 Journal article